Statistiques concernant Harry Potter: la Tapisserie de la famille Black

Cliquez ici pour prendre le quiz!

Statistiques générales

  • Ce quiz a été pris 260 fois
  • Le résultat moyen est 18 sur 46

Statistiques - réponses

InformationRéponses% Correct
Personne représentée (brulée)Sirius Black
91%
Personne représentéeSirius Black I
91%
Personne représentéeSirius Black II
91%
Personne représentéeBellatrix Lestrange
90%
Personne représentéeNarcissa Malefoy
84%
Personne représentéeRegulus Black I
82%
Personne représentée (brulée)Andromeda Tonks
79%
Famille représentée Famille Black
77%
Dernière apparitionHarry Potter et les Reliques de la Mort
73%
Première apparitionHarry Potter et l'Ordre du Phénix
73%
Personne représentéeDrago Malefoy
70%
Personne représentéeLucius Malefoy
67%
Personne représentéeOrion Black
65%
Personne représentéePhineas Black I
60%
Personne représentée (brulée)Phineas Black II
60%
Personne représentéeRodolphus Lestrange
55%
Personne représentéeWalburga Black
50%
Personne représentéeCygnus Black II
42%
Personne représentéeCygnus Black III
42%
Personne représentéeArcturus Black II
38%
Personne représentéeArcturus Black III
38%
Personne représentée (brulée)Alphard Black
34%
Personne représentéeDruella Rosier
30%
Personne représentée (brulée)Cedrella Black
27%
Personne représentée (brulée)Cedrella Black
27%
Personne représentéeDorea Black
24%
Personne représentéeElladora Black
19%
Personne représentéePollux Black
17%
Personne représentéeUrsula Flint
17%
Personne représentéeBelvina Black
16%
Personne représentéeCharis Black
16%
Personne représentéeCharlus Potter
16%
Personne représentéeIrma Crabbe
15%
Personne représentée (brulé)Marius Black
15%
Personne représentéeIgnatius Prewett
13%
Personne représentéeMelania Macmillan
13%
Personne représentéeCassiopeia Black
12%
Personne représentéeLycoris Black
12%
Personne représentéeVioletta Bulstrode
12%
Personne représentéeLysandra Yaxley
10%
Personne représentéeCaspar Croupton
9%
Personne représentéeHarfang Londubat
9%
Personne représentéeHerbert Beurk
7%
Personne représentéeHesper Gamp
5%
Personne représentéeLucretia Black
4%
Personne représentéeCallidora Black
2%

Distribution des résultats

Percentile par nombre de réponses

% des personnes avec chaque résultat

Votre développement - résultats

Vous n’avez pas pris ce quiz